000 01141naa a22003257a 4500
001 BR8405312
003 BR-BrBNA
005 20240918175502.0
007 ta
008 230509b bl.||||| |||| 00| 0 por d
040 _aBR-BrBNA
_bpor
_cBiblioteca Nacional de Agricultura
041 _a(Pt)
072 _aF61; F01
_b0336
090 _aF61 BR8405312
100 1 _aMikusinski-Costa, O.M.
100 1 _aDutra, L.M.C.
100 1 _aGomes, M.C.
100 1 _aCosta, J.A.
111 1 _a1. Reuniao Anual de Pesquisa de Soja
_cPorto Alegre, RS (Brazil)
_d18-20 Jul 1984
245 1 _aForma dos foliolos no desempenho agronomico da soja
260 3 _aPorto Alegre, RS (Brasil):
_c1984.
500 _aReuniao Anual de Pesquisa de Soja. Resultados de Pesquisa 1983/84 Porto Alegre, RS (Brasil): 1984. p. 141-144 (BR8405312-AM)F61
650 _aSOJA
650 _aVARIEDADE
650 _aLINHAGEM
650 _aFOTOSSINTESE
773 0 _tReuniao Anual de Pesquisa de Soja. Resultados de Pesquisa 1983/84
_wF61 BR8405312
_gPorto Alegre, RS (Brasil), 1984. p. 141-144
909 _a202404
_bLucia
_c55
_dLucia Elande
942 _cAM
_2AGRIS
999 _c316943
_d316943